00404nam a2200145Ia 4500003000400000005001700004008004100021020001800062040000900080082002100089100001800110245007400128260004600202300001000248OSt20200904135409.0190216s9999||||xx |||||||||||||| ||und|| a9788131808153 coclc a531.11330bBAN/T aBansal, Raj K 0aA Textbook Of Fluid Mechanics And Hydraulic, Machines /cRaj K Bansal bLaxmi Publication Ltd,c2015.aBengaluru: a1102p